| 000 | 00482nam a2200181 i 4500 | ||
|---|---|---|---|
| 001 | bg | ||
| 100 | 1 | _aFIBIGER, Waldemar | |
| 245 | 0 |
_aOgólne zasady analizy wypadków przy pracy / _cWaldemar Fibiger, Maria Kanecka. |
|
| 260 |
_aWarszawa : _bInstytut Wydawn. CRZZ, _c1974. |
||
| 300 | _a99 s. | ||
| 504 | _aBibliogr. s. 95-96. | ||
| 700 | 1 | _aKANECKA, Maria | |
| 040 | _cBPK | ||
| 041 | _apol | ||
| 080 | _a331.82 | ||
| 942 | _cKS | ||
| 008 | s pl f |000 0 pol | ||
| 999 |
_c26063 _d26063 |
||
| 856 |
_uhttp://koha.tu.koszalin.pl/cgi-bin/koha/opac-detail.pl?biblionumber=26063 _yKatalog online BPK |
||